Insight into IELTS

Zapisane w:
Opis bibliograficzny
1. autor: Jakeman, Vanessa
Format: Książka
Język:Undetermined
Wydane: Đà Nẵng Đà Nẵng 2004
Hasła przedmiotowe:
Etykiety: Dodaj etykietę
Nie ma etykietki, Dołącz pierwszą etykiete!
Thư viện lưu trữ: Trung tâm Học liệu Trường Đại học Cần Thơ
LEADER 00658nam a2200205Ia 4500
001 CTU_74595
008 210402s9999 xx 000 0 und d
020 |b 29000 
082 |a 428.0076 
082 |b J26 
100 |a Jakeman, Vanessa 
245 0 |a Insight into IELTS 
245 0 |c Vanessa Jakeman, Clare McDowell 
260 |a Đà Nẵng 
260 |b Đà Nẵng 
260 |c 2004 
650 |a English language,International English language testing systeme 
650 |z Examinations, questions, etc 
904 |i Tuyến, Mai chuyển số PL từ 428.24 thành 428.0076 
980 |a Trung tâm Học liệu Trường Đại học Cần Thơ